A Jövendő a folyóirat digitalizálása /
Elmentve itt :
| Szerző: | |
|---|---|
| További közreműködők: | |
| Dokumentumtípus: | Szakdolgozat |
| Megjelent: |
2003
|
| Tárgyszavak: | |
| Online Access: | http://diploma.bibl.u-szeged.hu/106632 |
| LEADER | 00569nta a2200169 i 4500 | ||
|---|---|---|---|
| 001 | dipl106632 | ||
| 005 | 20210217094755.0 | ||
| 008 | 210215s2003 hu om 0|| zxx d | ||
| 040 | |a SZTE Diploma Repozitórium |b hun | ||
| 041 | |a zxx | ||
| 100 | 1 | |a Szepesi Judit | |
| 245 | 1 | 2 | |a A Jövendő |h [elektronikus dokumentum] : |b a folyóirat digitalizálása / |c Judit Szepesi |
| 260 | |c 2003 | ||
| 650 | 4 | |a Pedagógusképzés | |
| 650 | 4 | |a Library science | |
| 700 | 1 | |a Pajor Enikő |e ths | |
| 856 | 4 | 0 | |u http://diploma.bibl.u-szeged.hu/id/eprint/106632/1/2003_szepesi_judit.pdf |z Dokumentum-elérés |